Shakespeare Characters from 'The Tempest' - Statistics

General Stats
  • This quiz has been taken 407 times
    35 since last reset
  • The average score is 6 of 14
Answer Stats
Answer % Correct
Prospero
93%
Miranda
89%
Caliban
78%
Ariel
74%
Antonio
56%
Ferdinand
41%
Sebastian
37%
Stephano
30%
Trinculo
30%
Alonso
22%
Ceres
22%
Gonzalo
22%
Iris
19%
Juno
19%
No matching quizzes found
Score Distribution
Percent of People with Each Score
Percentile by Number Answered
Your Score History
You have not taken this quiz since the last reset